000 01407cam a22003737a 4500
003 CHAP
005 20220817041542.0
008 971013s1992 r 00010 d
010 _a17831
011 _a18803
035 _a22888
040 _cCHAP
082 0 4 _a631.4
_bF33f
110 2 _aFAO
245 1 0 _aRéunion du sous-comité ouest et centre Africain de corrélation des sols pour la mise en valeur des terres
_c/par FAO
260 _aRome :
_bFAO,
_c1986-
300 _av.
490 0 _aFAO. Informes sobre recursos mundiales de suelos
500 _aLa biblioteca tiene: 1985 (7o v.59), 1987 (8o v.61), 1990 (10o v.69)
590 _aBATCH-UPD
_b10
_c20130110
_lUCH01
_h1850
590 _aBATCH-UPD
_b10
_c20130410
_lUCH01
_h1220
590 _aBATCH-UPD
_b10
_c20130914
_lUCH01
_h1353
590 _aCONVERSION
_b10
_c20130109
_lUCH01
_h1311
650 1 4 _aSuelos rojos.
_9110556
650 1 4 _aSuelos
_zAfrica.
_9110516
650 1 4 _aTierras
_xEvaluación.
_9113113
830 0 _aFAO. Informes sobre recursos mundiales de suelos
_939597
901 _aBK
942 _cLIBRO
949 _a631.4 F33f
_bBC
_cFAO
_d33724000697918
_eFAO1
_fv.59
_h73339
_i22888
_sb
949 _a631.4 F33f
_bBC
_cFAO
_d33724000697926
_eFAO2
_fv.59 c.2
_h78298
_i22888
_sb
949 _a631.4 F33f
_bBC
_cFAO
_d33724000697934
_eFAO1
_fv.61
_h74508
_i22888
_sb
949 _a631.4 F33f
_bBC
_cFAO
_d33724000779351
_eFAO1
_fv.69
_h87201
_i22888
_sb
999 _c17831
_d17831